Stacja Łódź Chojny - Statystyki

Ogólne statystyki
  • Ten quiz został rozwiązany 8 razy
  • Średni wynik to 31 z 54
Statystyki odpowiedzi
Godzina odjazdu Numer pociągu Relacja Odpowiedź % Poprawnych
08:26/08:27 IC3820 Kraków Główny -Szczecin Główny Barbakan
88%
19:35/19:40 IC8321 Szczecin Główny -Kraków Główny Barbakan
88%
08:02/08:11 IC61107 Wrocław Główny -Białystok Dąbrowska
88%
19:56/20:02/20:03 IC16106 Białystok -Wrocław Główny Dąbrowska
88%
10:06/10:07 IC61105 Wrocław Główny -Białystok Nałkowska
88%
18:03/18:05 IC16104 Białystok -Wrocław Główny Nałkowska
88%
01:08/01:12 IC16190 Warszawa Wschodnia- Szklarska Poręba Górna/Jelenia Góra Karkonosze
75%
03:13/03:14 IC61171/61191 Szklarska Poręba Górna/Jelenia Góra-Warszawa Wschodnia Karkonosze
75%
08:46/08:49 IC5335 Bydgoszcz Główna -Kraków Główny Kazimierz
75%
19:05 IC3534 Kraków Główny - Bydgoszcz Główna Kazimierz
75%
11:27/11:28 IC2720 Lublin Główny - Poznań Główny Koziołek
75%
16:36/16:39 IC7221 Poznań Główny - Lublin Głowny Koziołek
75%
06:34/06:37 IC1820 Łódź Fabryczna -Szczecin Główny Włókniarz
75%
21:24/21:36 IC8121 Szczecin Główny - Łódź Fabryczna Włokniarz
75%
07:27/07:29 IC1425 Płock-Katowice Chemik
63%
20:12 IC4124 Katowice - Płock Chemik
63%
11:52/11:54 IC5423 Gdynia Główna-Katowice Doker
63%
16:06/16:10 IC4522 Katowice - Gdynia Główna Doker
63%
11:53/11:55 TLK45102 Katowice-Gdynia Główna Flisak
63%
16:14/16:15 TLK54103 Gdynia Główna - Katowice Flisak
63%
08:06/08:07 IC4520 Bielsko Biała Główna -Gdynia Główna Hutnik
63%
19:56/20:03 IC5421 Gdynia Główna - BIelsko Biała Główna Hutnik
63%
04:38 TLK53191 Hel/Łeba -Kraków Główny Korsarz
63%
22:12 TLK35190/TLK50191 Kraków Główny -Łeba/Hel Korsarz
63%
01:44/01:46 IC83193/83197 Zakopane -Szczecin Główny/Świnoujście Podhalanin
63%
02:21/02:27 IC38192/38196 Świnoujście/Szczecin Głowny-Zakopane Podhalanin
63%
12:08/12:14 IC3560 Zakopane - Gdynia Główna Witkacy
63%
15:52/15:59 IC5361 Gdynia Główna -Zakopane Witkacy
63%
05:36/05:37 IC1620 Warszawa Wschodnia -Wrocław Główny Asnyk
50%
22:24/22:28 IC6121 Wrocław Główny -Warszawa Wschodnia Asnyk
50%
07:34/07:36 IC1622 Warszawa Wschodnia -Wrocław Główny Baczyński
50%
10:34/10:37 IC7321 Poznań Główny -Kraków Główny Cegielski
50%
17:30/17:32 IC3720 Kraków Główny - Poznań Główny Cegielski
50%
06:07 IC1528 Łódź Fabryczna -Gdynia Główna Kociewie
50%
21:49/21:53 IC5129 Gdynia Główna -Łódź Fabryczna Kociewie
50%
09:58 R71503 Poznań Główny -Warszawa Wschodnia Lutynia
50%
18:57 R71505 Poznań Główny -Warszawa Wschodnia Prosna
50%
11:36/11:37 IC5620 Ełk-Wrocław Główny Słowacki
50%
16:24/16:26 IC6521 Wrocław Główny - Ełk Słowacki
50%
01:38/02:13 IC81150 Kołobrzeg -Łódź Kaliska Słupia
50%
21:50/21:53 IC18151 Łódź Kaliska -Kołobrzeg Słupia
50%
09:36 IC1624 Białystok-Wrocław Główny Krasiński
38%
18:24/18:25 IC6125 Wrocław Główny - Białystok Krasiński
38%
12:24/12:27 IC6129 Wrocław Główny -Białystok MIckiewicz
38%
15:31/15:36 IC1628 Białystok - Wrocław Główny Mickiewicz
38%
06:03/06:18/06:20/06:30 IC16108 Warszawa Wschodnia -Wrocław Główny Porazińska
38%
21:57/22:00/22:06 IC61109 Wrocław Główny -Warszawa Wschodnia Porazińśka
38%
13:26/13:33 IC8323/IC8353 Szczecin Główny -Kraków Głowny/Zakopane Sukiennice
38%
14:40/14:42 IC3822/IC3852 Zakopane/Kraków Głowny- Szczecin Główny Sukiennice
38%
00:42 TLK38190 Kraków Główny - Kołobrzeg Bursztyn
25%
03:01 TLK83191 Kołobrzeg- Kraków Główny Bursztyn
25%
21:07/21:16 R11132 Warszawa Wschodnia - Łódź Kaliska Pietryna
25%
00:29 IC1900 Warszawa Wschodnia -Łódź Kaliska Tuwim
25%
00:42/00:55 IC51152 Gdynia Główna -Łódź Kaliska Zatoka
13%
Nie znaleziono quizów pasujących do podanych kryteriów
Rozkład punktacji
Procent ludzi z każdym wynikiem
Percentyl według liczby udzielonych odpowiedzi
Twoja historia wyników
Nie rozwiązałeś tego quizu